000 02978nas a22002535i 4500
001 3005-1444
003 DE-He213
005 20260304140609.0
007 cr nn 008mamaa
008 240321s||||||||xxkuu poo|||||| b|EN |d
022 _a3005-1444
024 7 _a44385
_2local
210 1 0 _anpj Biomed. Innov.
245 1 0 _anpj Biomedical Innovations
_h[electronic resource] /
_cedited by Janet Zoldan.
264 1 _aLondon :
_bNature Publishing Group UK :
_bImprint: Nature Portfolio.
300 _bonline resource.
520 _anpj Biomedical Innovations considers all aspects of basic science as well as translational and clinical applications of biomedical engineering research. We encourage contributions that focus on in vitro models that advance the understanding of biological systems, improve medical diagnostics and treatment modalities, and drive innovation in healthcare technologies. The journal covers a broad range of topics including but not limited to: Cell and tissue engineering, including stem cell research and organ in a chip and tissue engineering for organ regeneration Translational biomedical research on women’s health, including bridging the gap between laboratory research and clinical applications, and developing new in vitro models Biomechanics and biomaterials, including mechanics of biological systems and tissues, and the development and characterization of biomaterials for medical applications Medical devices and technologies, including their design and development and wearable technologies for healthcare Biomedical robotics and rehabilitation technologies, including surgical robotics and automation in healthcare and assistive devices for rehabilitation Biomedical imaging and artificial intelligence, including medical imaging technologies (MRI, CT, PET, ultrasound, etc.), and contrast agents and AI modeling of biomedical data Immunoengineering approaches to modulate and enhance the immune system and immunotherapies and vaccines Drug delivery, including innovative drug delivery systems and nanotechnology for targeted drug delivery Biomedical data analytics and informatics, including big data analytics in healthcare and healthcare information systems and data security The journal offers more choice to Nature Portfolio authors who are seeking a fully open-access and more inclusive platform for publishing their work. The journal is led by biomedical engineering experts who collaborate to cultivate high-quality research. As part of the npj Series, this journal focuses on fostering global partnerships with the research community and other Springer Nature journals.
650 0 _aBiomedical engineering.
_9672
650 1 4 _aBiomedical Engineering and Bioengineering.
_9675
700 1 _aZoldan, Janet.
_eeditor.
_4edt
_4http://id.loc.gov/vocabulary/relators/edt
_924050
710 2 _aSpringerLink (Online service)
856 4 0 _uhttps://www.nature.com/npjbiomedinnov
_zOpen Access
999 _c577274
_d577274